Quizzes
Events
Quiz Creation
Community
Videos
Private Events
Remove Ads
Sign In
Join for FREE
Feedback
Dark Mode
Quiz Categories
Sports
Geography
Music
Movies
Television
Just For Fun
Miscellaneous
History
Literature
Language
Science
Gaming
Entertainment
Religion
Holiday
For Kids
Quiz Lab
Recent
Popular Today
Quiz Kudos Today
Editor Picks
Curator Picks
Quizzes by...
Day
Popularity
Type
Ratings
Length
Year
Community
Subscriptions
Recent Discussions
Orange Saloon
Badges
Playlists
Quests
Create
Leaderboards
Showdown
Live 5
Trivia Bingo
Activity
Puzzle Library
Sporcle Events
Private Events
Virtual Trivia
Globe League
Become a Host
Pub Owners
SporcleCon
Opinionation
Our Games
Videos
Blog
Mobile Apps
Partnerships
Remove Ads and Go Orange
Feedback
Science
Computer
Plants
Astronomy
Chemistry
Elements
Math
Animal
Physics
Anatomy
Biology
Geology
General Science
Science
Computer
Plants
Astronomy
Chemistry
Elements
Math
Animal
Physics
Anatomy
Biology
Geology
General Science
Random Quiz
Search Sporcle
×
Quiz Lab
Quiz Lab
Science
Plants
Type in answers that appear in a list
Type in answers that appear in a list
Classic
Best Score? Go Orange.
Identifying Plants Stats
Can you name the scientific term for each plant common name?
By
m0car513
10m
28 Questions
98 Plays
98 Plays
98 Plays
Comments
Comments
Give Quiz Kudos
Give Quiz Kudos
-
- Ratings
hide this ad
Forced Order
Answers have to be entered in order
Answers have to be entered in order
Random Order
Randomize order of answers
Randomize order of answers
Replay
Link that replays current quiz
Next Quiz
Link to next quiz in quiz playlist
You Got
0%
They Got
Avg Score
34%
Avg Friend Score
Upgrade to see
Score Distribution
Jump to the score distribution portion of the page
Score
0/28
Timer
10:00
0
Plays Today
Common Name
Scientific Name
% Correct
Dogwood
Cornus
68%
Cherry
Prunus
67%
White Oak
Quercus alba
66%
Red Maple
Acer rubrum
64.9%
Honeysuckle
Lonicera
61.9%
Red Oak
Quercus rubra
58.8%
Sugar Maple
Acer saccharum
51.5%
Grape
Vitis
51.5%
American Elm
Ulmus americana
47.4%
Goldenrod
Solidago
45.4%
Box Elder
Acer negundo
41.2%
White Ash
Fraxinus americana
38.1%
Quaking Aspen
Populus tremuloides
34%
Bramble
Rubus
29.9%
Common Name
Scientific Name
% Correct
Honey Locust
Gleditsia triacanthos
27.8%
Virginia Creeper
Parthenocissus quinquefolia
25.8%
Staghorn Sumac
Rhus typhina
23.7%
White Birch
Betula papyrifera
22.7%
Queen Anne's Lace
Daucus carota
19.6%
New England Aster
Aster novae-angliae
18.6%
Common Milkweed
Asclepias syriaca
17.5%
Butter and Eggs
Linaria vulgaris
12.4%
Spotted Touch-
Me-
Not
Impatiens capensis
11.3%
Birdfoot Trefoil
Lotus corniculatus
10.3%
European Buckthorn
Rhamnus cathartica
8.2%
Chicory
Cichorumium intybus
5.2%
Spotted Knapweed
Centaurea maculosa
4.1%
European Common Weed
Phragmites australis
4.1%
Quiz Playlist
Details
Report
Send in Message
Add To Playlist
Classic:
Type in answers that appear in a list
Forced Order:
Answers have to be entered in order
Random Order:
Randomize order of answers
Last Updated: Feb 16, 2017
Quiz Scoreboard
CHALLENGE
Sign Up to Join the Scoreboard
Show All
Scores
Hide
Comments
May contain spoilers
Recently Published
NBA Finals Game Top Scorers (2010s)
by flibbidy
Sports
5m
Guess the 'R' Things in 3 Words
by MSUKent
Miscellaneous
3m
Actor to Badly Drawn Movie III
by MoMosMoProblems
Movies
5m
More to Explore
Quiz From the Vault
Featured Blog Post
Where Does Lost Luggage Go?
hide this ad
You Might Also Like...
Tags
Plants Quiz
common
Identifying
Term
Today's Top Quizzes in Science
Browse Science
hide this ad
Today's Top Quizzes in Plants
Browse Plants
Top Contributed Quizzes in Science
1
Trivia Jigsaw: Scientific Foursomes
2
The First 100 Digits of Pi
3
Trivia Jigsaw: Elements
4
Journey Through Space
5
'P' Natural World
6
Dashed Science
7
200 Digits of pi
8
'W' Natural World
9
A Equals A
10
Naming Acids
Explore More
Trending Topics
NBA
Harry Potter
Marvel
Anime
Kpop
Disney
Crossword
Puzzle
Soccer
Pokémon
Song
Country
WWE
NFL
The Office
hide this ad
More By:
m0car513
Quiz
Plays
Rating
Category
Featured
Created
Identifying Plants
98
2.33
Science
Oct 12, 2009
Go to Creator's Profile
Score Distribution
Quiz Creator Spotlight
m0car513
Follow
Send a Message
Quizzes Created
-
Created Quiz Play Count
-
More By This Creator
Popular Quizzes Today
1
Find the US States - No Outlines Minefield
2
Find the US States
3
The Countries of the World
4
10 Largest US States in Order
5
Find the Countries of Europe - No Outlines Minefield
6
US States
7
Guess the 'R' Things in 3 Words
8
NBA Finals Game Top Scorers (2010s)
More Science Quizzes
Minute Math: Fill in the Blank Multiplication
Published
Trending Quizzes
First Name TV: Leading Men
Match the Book to the Film II
First Name TV: Leading Women Drama
Match the Book to the Film VI
3-Word Movies in 1 Word II
Recently Updated
Women's Final Four Teams by Year
bhenderson79
Presidents Quartet II
eogle
Anything But Clue(do)
eogle
Anything But Oceanian Capitals
eogle
Anything But 7
eogle
Anything But Thing
eogle
Word Ladder: February 29
pecheneg
Song Title Questions
pecheneg
Women's NCAA Tournament #1 Seeds
pecheneg
Celebrity Mug Shots
pecheneg
Trending Topics
Crossword
Marvel
Anime
Kpop
Harry Potter
Disney
NBA
Song
WWE
Puzzle
NFL
Country
The Office
Pokémon
Soccer
Your Account Isn't Verified!
In order to create a playlist on Sporcle, you need to verify the email address you used during registration. Go to your
Sporcle Settings
to finish the process.
Report this User
Report this user for behavior that violates our
Community Guidelines
.
Details:
Send Report
Go to the Sporcle.com Mobile Site →
Comments